Alice In Chains Songs - Statistics

General Stats
  • This quiz has been taken 571 times
  • The average score is 6 of 10
Answer Stats
Hint Answer % Correct
Into the flood again / Same old trip it was back then / So I made a big mistake / Tried to see it once my way Would
94%
And yet I find, yet I find repeating in my head / If I can't be my own, I'd feel better dead Nutshell
88%
Bury me softly in this womb / I give this part of me for you / Sand rains down and here I sit / Holding rare flowers in a tomb Down in a hole
84%
Nothing better than a dealer who's high / Be high - convince them to buy! / What's my drug of choice? Junkhead
66%
I'm a riddle so strong you can't break me / Did she come here to try / Try to take me? / Did she call my name... Rain when I die
62%
I broke you in the canyon / I drowned you in the lake / You a snake that I would trample / Only thing I'd not embrace Dam that river
61%
Do what you wanna do / Go out and seek your truth/ When I'm down and blue / Rather be me than you Heaven beside you
58%
Yeah, its over now, but I can breathe somehow / When it's all worn out, I'd rather go without Over Now
54%
Take my hand before I kill / I still love you but I still burn... Love Hate Love
49%
Reduction is addictive too / Personality overview / I can see what the cost will be / You know I don't need you /... Put you down
30%
No matching quizzes found
Score Distribution
Percent of People with Each Score
Percentile by Number Answered
Your Score History
You have not taken this quiz